Opéras les plus joués - Statistiques

Statistiques générales
  • Ce quiz a été pris 467 fois
  • Le résultat moyen est 9 sur 20
Statistiques - réponses
Nombre de représentations depuis 2010 Opéra % Correct
5 728 Carmen (Bizet)
90%
5 840 La Flute enchantée (Mozart)
79%
6 843 La Traviata (Verdi)
77%
4 143 Les Noces de Figaro (Mozart)
61%
3 949 Don Giovanni (Mozart)
59%
4 230 Madame Butterfly (Puccini)
56%
4 236 Le Barbier de Séville (Rossini)
55%
4 611 Tosca (Puccini)
53%
5 318 La Bohème (Puccini)
50%
3 956 Rigoletto (Verdi)
50%
2 296 Turandot (Puccini)
43%
2 795 Aïda (Verdi)
42%
2 559 Cosi fan tutte (Mozart)
37%
2 193 Nabucco (Verdi)
37%
1 817 Le Trouvère (Verdi)
31%
2 658 L'Elixir d'amour (Donizetti)
21%
3 669 La Chauve-souris (Strauss J)
15%
2 435 Eugène Onéguine (Tchaïkovski)
13%
2 124 La Veuve joyeuse (Lehar)
8%
2 812 Hansel et Gretel (Humperdinck)
7%
Aucun quiz correspondant
Distribution des résultats
% des personnes avec chaque résultat
Percentile par nombre de réponses
Votre historique - résultats
Vous n’avez pas pris ce quiz